000 00870nam a2200205 i 4500
001 158024
003 ES-MaACL
005 20250820032303.0
008 931025s1799 sp |||| | spa d
040 _aPAB
_bspa
_cPAB
100 1 _aLópez Fando, Juan Manuel.
_9129203
245 1 0 _aProntuario de testamentos y contratos... /
_cpor Juan Manuel Lopez Fando... ; tomo segundo.
260 _aMadrid :
_ben la imprenta de D. Benito Cano,
_c1799.
300 _aXVI, 331 p. ;
_c8º (15 cm)
597 _aSign.: a8, A-V8, X6.
597 _aAntep.
650 7 _aTestamentos
_2embne
_917521
852 _aES-MaACL
_jR-610(2)
_z-- Enc. pasta española
_z-- Legado M. de la Fuente
_x-- Edic.: En verso de la port. consta: "Se hallará en esta Corte, Librería de Campo ..., y de Flores ..., y en Valladolid en la de Cermeño"
_x Olim: D-3987
999 _c158024
_d158024